10 most populated US Cities with Multiple Is - Statistics

General Stats
  • This quiz has been taken 14 times
  • The average score is 6 of 10
Answer Stats
Hint Answer % Correct
435,919Florida Miami
92%
1,527,886Pennsylvania Philadelphia
83%
871,449Indiana Indianapolis
75%
418,075Minnesota Minneapolis
75%
306,592Ohio Cincinatti
67%
454,289Virginia Virginia Beach
67%
322,538California Riverside
58%
621,764Kentucky Louisville
50%
392,878Kansas Wichita
42%
314,384California Irvine
25%
No matching quizzes found
Score Distribution
Percent of People with Each Score
Percentile by Number Answered
Your Score History
You have not taken this quiz